[Event "EYCC 2017"]
[Site "Mamaia"]
[Date "2017.09.07"]
[Round "3"]
[White "Esipenko, Andrey"]
[Black "Travadon, Loic"]
[Result "1/2-1/2"]
[WhiteElo "2540"]
[BlackElo "2342"]
[Annotator "TA"]
[PlyCount "115"]
[EventDate "2017.??.??"]
[EventType "swiss"]
[EventCountry "ROU"]
[SourceTitle "playchess.com"]
[Source "ChessBase"]
[SourceQuality "1"]

{[%evp 17,115,18,27,18,29,10,32,25,42,27,32,30,27,30,43,22,12,16,24,22,20,31,53,33,45,0,0,0,0,0,0,3,11,0,0,0,0,0,0,0,14,11,17,11,11,8,11,0,0,0,0,-23,-5,-7,-15,-15,-15,-76,-76,-72,-64,-61,-21,-21,-19,-23,0,0,0,0,0,0,0,0,0,0,0,0,0,0,0,0,0,0,0,0,0,0,0,0,0,0,0,0,0,0,0,0,0,0]} 1. d4 Nf6 2. c4 g6 3. Nc3 Bg7 4. e4 d6 5. Nf3 O-O 6. h3 Nc6 7. d5 Nb4 {E90: King's Indian: Classical: Early deviations and 6 h3} 8. Be2 e6 9. Be3 Re8 {LiveBook: 4 Games} 10. Qd2 (10. Nd2 a5 11. O-O Bd7 12. Re1 b6 13. Rc1 Kh8 14. a3 Na6 15. Qc2 {½-½ (46) Aronian,L (2802)-Carlsen,M (2861) Wijk aan Zee 2013}) 10... exd5 11. exd5 a5 (11... Bf5 $5 {[%cal Rb4c2]} 12. Rc1 Na6 $11) 12. O-O Ne4 $146 ({Predecessor:} 12... Na6 13. Bg5 Nc5 14. Rfe1 Bf5 15. Nd4 Nce4 {0-1 (48) Suvorov,A (2050)-Nikitinyh,B (2193) St Petersburg 2012}) 13. Nxe4 Rxe4 14. a3 Na6 15. Bd3 Re8 16. b4 (16. Bg5 $5 {[%cal Rg5d8]} f6 17. Bh6 $14) 16... Bxa1 17. Rxa1 {White wants to play Bd4.} Rxe3 18. Qxe3 Bd7 19. Rb1 axb4 20. axb4 Qf6 21. Qd4 Kg7 22. g4 Re8 23. Kg2 Qxd4 24. Nxd4 Kf6 25. Nf3 h6 26. Kg3 Rb8 27. Nd4 Ke5 28. Nb5 Ra8 29. f4+ Kf6 30. Kf3 Ke7 31. Nd4 Nb8 32. Ke3 Ra2 33. Nc2 Ba4 34. Kd2 Nd7 35. Kc3 g5 36. Re1+ Kf8 37. Rf1 {[#]} (37. fxg5 $11 {keeps the balance.} hxg5 38. Ra1 Rxa1 39. Nxa1) 37... gxf4 $1 $17 38. Rxf4 Ne5 39. Bf5 Ke7 (39... Bxc2 $5 40. Bxc2 Ra1 $11) 40. c5 Bxc2 41. Bxc2 dxc5 42. bxc5 $11 {[%mdl 4096] Endgame KRB-KRN. The position is equal.} Ra3+ 43. Bb3 Nd3 44. d6+ cxd6 45. cxd6+ Ke8 46. d7+ Kd8 47. Rxf7 Nc5 48. Kb4 Rxb3+ 49. Kxc5 Rxh3 {KR-KR} 50. Rh7 {And now g5! would win.} (50. Kd4 {is interesting.} Rb3 51. Kc4 Rg3 52. Kd5 Rxg4 53. Rf6) 50... Rd3 51. Rxh6 Kxd7 52. Rh7+ Ke6 53. Rxb7 Kf6 54. Rb5 Rc3+ 55. Kd4 Rg3 56. g5+ Rxg5 57. Rxg5 Kxg5 58. Ke4 {Precision: White = 66%, Black = 73%.} 1/2-1/2

[Event "EYCC 2017"]
[Site "Mamaia"]
[Date "2017.09.07"]
[Round "3"]
[White "Santos Ruiz, Miguel"]
[Black "Tokranovs, Dmitrijs"]
[Result "1/2-1/2"]
[WhiteElo "2505"]
[BlackElo "2334"]
[Annotator "TA"]
[PlyCount "77"]
[EventDate "2017.??.??"]
[EventType "swiss"]
[EventCountry "ROU"]
[SourceTitle "playchess.com"]
[Source "ChessBase"]
[SourceQuality "1"]

{[%evp 19,77,6,16,22,21,29,57,49,78,0,143,71,148,-68,-62,-81,-69,-93,-77,-87,-75,-115,-43,-20,0,0,0,0,0,0,0,0,18,0,0,0,66,79,593,13,13,9,15,9,103,101,153,169,158,154,169,66,201,0,0,0,0,0,0,0]} 1. d4 Nf6 2. Nf3 e6 3. c4 b6 4. g3 Ba6 5. Qc2 c5 6. d5 {E15: Queen's Indian: 4 g3 sidelines, 4 g3 Ba6 and 4 g3 Bb7 early deviations} exd5 7. cxd5 Bb7 (7... d6 8. Nc3 b5 9. e4 Qa5 10. b4 cxb4 11. Nxb5 Kd8 12. Nfd4 Bxb5 13. Bxb5 b3+ {1-0 (28) Grischuk,A (2752)-Mamedyarov,S (2762) Germany 2016}) 8. Bg2 Nxd5 9. O-O Be7 10. Rd1 Nf6 {LiveBook: 5 Games} 11. Nc3 O-O 12. e4 {[%cal Be2e4,Be4e5][%mdl 32] Threatens to win with e5.} Nc6 13. e5 Ne8 $1 14. Nd5 (14. Qf5 $1 $16) 14... h6 $146 (14... Nc7 $11 {remains equal.} 15. Nxe7+ Qxe7) ({Find the theoretical novelty and annotate with similar games:} 14... Nb4 15. Nxe7+ Qxe7 {1-0 (70) Parligras,M (2542)-Khukhashvili,S (2392) Kavala 2007}) 15. Bf4 (15. Qf5 $142) 15... Nc7 (15... d6 $142) 16. Nxe7+ $2 ({White has to play} 16. Nf6+ $1 $16 gxf6 17. Bxh6) 16... Nxe7 $15 17. Rd6 Nb5 $1 $36 {[%cal Rb5d6][%mdl 2048] Black has the initiative.} 18. Rd2 Bxf3 19. Bxf3 Nd4 20. Qe4 Nxf3+ (20... Rc8 $17 21. Bd1 Nec6) 21. Qxf3 Ng6 22. Rad1 Qe8 23. Qe4 Qe6 (23... d5 $5 24. Rxd5 Qc6 $11) 24. b3 Rad8 25. Rd6 Qe7 26. Qf5 {[%cal Rd6d7]} Nxf4 27. gxf4 {[%cal Rd6d7]} Qh4 (27... f6 $11) 28. R1d3 $14 {Black must now prevent Rh3.} Rfe8 $2 {[%mdl 8192]} (28... g6 $16 {prevents the worst.} 29. Rh3 Qe7) 29. Rxd7 $2 (29. Rh3 $1 $18 {[%cal Rh3h4]} Qe7 30. Rhxh6 $1 {[%mdl 512]} gxh6 31. Rxh6) 29... Rxd7 $11 30. Rxd7 $18 {[%mdl 4096] Endgame KQR-KQR} Rf8 31. h3 a5 (31... g6 $11 {keeps the balance.} 32. Qg4 Qxg4+ 33. hxg4 Rc8) 32. Kg2 $16 a4 (32... g6 $142 33. Qe4 Kg7) 33. bxa4 g6 {[#]} 34. Qe4 $1 Re8 {[#]} 35. Rb7 (35. Rd6 $1 $18) 35... g5 ({Black should play} 35... Qd8 $14) 36. Rxf7 $2 ({Better is} 36. Qc6 $18 Rf8 37. e6 (37. Rxb6 gxf4 38. e6 f3+ 39. Qxf3 fxe6 $18) 37... gxf4 38. exf7+ (38. Rxb6 f3+ 39. Qxf3 fxe6 $16) 38... Kg7 39. Rxb6 Qg5+ 40. Kf1) 36... Kxf7 $11 {The position is equal.} 37. Qf5+ Kg8 38. Qg6+ Kf8 39. Qf6+ {Precision: White = 39%, Black = 28%.} 1/2-1/2

[Event "EYCC 2017"]
[Site "Mamaia"]
[Date "2017.09.07"]
[Round "3"]
[White "Dragnev, Valentin"]
[Black "Kouskoutis, Georgios-Alexandros"]
[Result "0-1"]
[WhiteElo "2483"]
[BlackElo "2314"]
[Annotator "TA"]
[PlyCount "114"]
[EventDate "2017.??.??"]
[EventType "swiss"]
[EventCountry "ROU"]
[SourceTitle "playchess.com"]
[Source "ChessBase"]
[SourceQuality "1"]

{[%evp 21,114,20,23,23,23,23,23,23,23,23,25,22,23,27,35,16,25,19,25,25,25,17,20,0,21,13,34,16,22,15,33,33,40,14,15,17,23,0,7,7,8,0,0,-20,-17,-25,0,4,0,-23,0,0,35,35,55,55,195,43,45,46,63,49,67,50,52,41,58,13,26,6,0,0,15,0,0,0,13,0,0,-570,-7,-546,-481,-990,-967,-883,-930,-862,-820,-4727,-1387,-1149,-1135,-29965,-29966]} 1. e4 c5 2. Nf3 e6 3. d4 cxd4 4. Nxd4 Nc6 5. Nc3 Qc7 6. Be3 a6 7. Qf3 {B48: Sicilian: Taimanov: 5 Nc3 Qc7 6 Be3 a6 without Be2} (7. Qd2 Nf6 8. O-O-O Be7 9. f4 b5 10. e5 b4 11. exf6 bxc3 12. Qxc3 Bxf6 13. g4 h6 14. h4 Bb7 15. Rh2 Rc8 16. Qd2 Nxd4 17. Bxd4 Bxd4 18. Qxd4 {½-½ (49) Jakovenko,D (2703)-Inarkiev,E (2707) Geneve 2017}) 7... Nf6 8. O-O-O Nxd4 9. Bxd4 e5 10. Qg3 d6 11. Be3 Be6 {LiveBook: 5 Games} 12. Bg5 Be7 13. Bxf6 Bxf6 14. Nd5 Bxd5 15. Rxd5 O-O $146 16. Be2 b5 17. Qb3 Qb6 18. Rf1 Ra7 19. Kb1 Rc8 20. g3 Rac7 21. Bg4 Rf8 22. Be2 Rfc8 23. Rd2 h6 24. h4 Rb8 25. Qf3 a5 26. Rfd1 Be7 27. Bf1 a4 28. Rd5 Qc6 29. R5d2 (29. Qc3 $5) 29... b4 30. b3 Qc3 31. Qd3 Ra8 32. Be2 {[%cal Bf1e2,Be2g4,Bg4d7][%mdl 32]} g5 33. h5 g4 34. Bxg4 Bg5 35. Re2 axb3 36. cxb3 Qxd3+ 37. Rxd3 Rc1+ 38. Kb2 Ra6 (38... Rh1 $14 39. Rc2 (39. Rxd6 Bc1+ 40. Kc2 Bg5 $11) 39... Be7) 39. Bd7 $2 (39. f4 $1 $18 Rc3 40. Rxc3 bxc3+ 41. Kxc3 exf4 42. gxf4 Bxf4 43. b4) 39... Ra7 40. Bb5 Rac7 41. Bc4 {Hoping for f4.} Rh1 42. Rxd6 Rxh5 43. Rg6+ Kf8 44. Rb6 Be7 $1 45. Rb8+ Kg7 46. Kc2 Rh2 47. Rd2 Bg5 48. Re2 Be7 $1 49. Kd2 Rd7+ 50. Ke3 $2 {[%mdl 8192]} (50. Bd5 $11 {and White stays safe.}) 50... Bc5+ $19 51. Kf3 Rd6 {( -> ...Rf6+)} 52. g4 {[#]} (52. Rb7 $142 Rf6+ 53. Kg4 Bxf2 54. Bxf7 Rxf7 55. Rxf7+ Kxf7 56. Rc2) 52... Bxf2 $1 {[%mdl 512]} 53. Rxf2 Rf6+ 54. Ke3 Rfxf2 55. Rxb4 Rxa2 (55... Rfg2 $142 56. Be2 Rxe2+ 57. Kd3 Rxa2) 56. Bf1 Rh1 57. Be2 Re1 {Precision: White = 46%, Black = 60%.} 0-1

[Event "EYCC 2017"]
[Site "Mamaia"]
[Date "2017.09.07"]
[Round "3"]
[White "Hakobyan, Aram"]
[Black "Zarubitski, Viachaslau"]
[Result "1-0"]
[WhiteElo "2472"]
[BlackElo "2325"]
[Annotator "TA"]
[PlyCount "105"]
[EventDate "2017.??.??"]
[EventType "swiss"]
[EventCountry "ROU"]
[SourceTitle "playchess.com"]
[Source "ChessBase"]
[SourceQuality "1"]

{[%evp 21,105,34,36,19,27,10,25,0,10,20,28,26,21,21,36,36,24,25,19,0,46,47,49,52,97,97,103,96,106,96,117,104,103,108,107,104,127,107,133,126,197,197,190,197,259,259,249,283,283,276,241,250,566,572,407,264,264,264,264,264,212,212,222,216,264,263,275,277,233,255,1196,1278,1144,978,1234,887,1270,1000,834,479,436,450,29973,29975,29985,29986]} 1. e4 e5 2. Nf3 Nf6 3. Nxe5 d6 4. Nf3 Nxe4 5. d3 Nf6 6. d4 d5 7. Bd3 Bd6 8. Qe2+ Qe7 9. Qxe7+ Kxe7 10. O-O {C01: French: Exchange Variation} Re8 11. Nc3 (11. Re1+ Kf8 12. Rxe8+ Kxe8 13. Nc3 c6 14. Bd2 h6 15. Re1+ Kf8 16. Ne5 Nbd7 17. f4 Nb6 {1-0 (58) Carlsen,M (2838)-Akobian,V (2645) chess.com INT 2017}) 11... c6 {LiveBook: 6 Games} 12. Ne5 $146 {White is slightly better.} ({Find the theoretical novelty and annotate with similar games:} 12. Re1+ Kf8 13. Bd2 Nbd7 14. h3 h6 15. Ne2 Nb6 16. Bf4 Bxf4 17. Nxf4 Na4 {½-½ (26) Liu,G (2448)-Fang,Y (2493) Chengdu 2017}) 12... Nbd7 13. f4 Kf8 14. Bd2 Bc7 15. Rae1 Bb6 {And now ...Nxe5 would win.} 16. Nf3 Rxe1 17. Rxe1 Kg8 18. g4 {[%cal Bg2g4,Bg4g5][%mdl 32] Threatens to win with g5.} Nf8 19. g5 $36 {[%mdl 2048] White has the initiative.} Bg4 20. Kg2 (20. Kf2 $5 {[%cal Rg5f6]} N6d7 21. Na4 $11) 20... Bxf3+ 21. Kxf3 Ne8 22. Ne2 Ne6 23. c3 g6 24. Ng3 Bc7 25. f5 Bxg3 26. Kxg3 gxf5 27. Bxf5 Nd6 28. Bd3 Re8 29. Kg4 Kg7 30. h4 Nf8 (30... Kg8 $16 31. h5 Rf8) 31. Rxe8 $18 Nxe8 {[%mdl 4096] Endgame KBB-KNN} 32. Bf4 f6 (32... Kg8 $142 33. Bb8 a6) 33. Bf5 b6 34. Bb8 a5 35. Ba7 Nd6 36. Bxb6 Nxf5 $2 (36... fxg5 {is a better chance.} 37. Kxg5 h6+ 38. Kf4 Nc4) 37. Kxf5 fxg5 38. Bxa5 gxh4 {KB-KN} 39. Bc7 Kf7 40. Bd6 h3 41. Kg4 Ke6 42. Bh2 Nd7 43. Kxh3 Nb6 44. b3 $1 Kf5 {[#]} 45. Bc7 $1 {[%cal Rc7b6]} Na8 $2 (45... Nc8 46. a4 Ke4) 46. Ba5 Ke4 47. Kg4 Kd3 48. Kf4 h5 49. Kg5 Kc2 50. Kxh5 Kb2 {[#]} 51. c4 $1 {[%cal Bc3c4,Bc4d5,Bd5d6][%mdl 32]} Kxa2 (51... Kc2 $18 52. cxd5 cxd5) 52. cxd5 Kxb3 53. d6 {Precision: White = 74%, Black = 41%.} 1-0

[Event "EYCC 2017"]
[Site "Mamaia"]
[Date "2017.09.07"]
[Round "3"]
[White "Livaic, Leon"]
[Black "Lagunow, Raphael"]
[Result "1-0"]
[WhiteElo "2461"]
[BlackElo "2357"]
[Annotator "TA"]
[PlyCount "57"]
[EventDate "2017.??.??"]
[EventType "swiss"]
[EventCountry "ROU"]
[SourceTitle "playchess.com"]
[Source "ChessBase"]
[SourceQuality "1"]

{[%evp 19,57,-31,-21,-13,-25,-32,125,108,112,119,156,162,294,300,324,306,542,527,699,684,958,940,1013,594,785,766,1677,1688,2473,2438,2087,2033,29991,29992,29992,29990,29990,29991,29991,29992]} 1. d4 d5 2. c4 c6 3. Nf3 Nf6 4. Nc3 e6 5. Bg5 dxc4 6. e4 b5 7. a4 Qb6 8. Bxf6 gxf6 9. Be2 Bb7 10. O-O {D44: Semi-Slav: Botvinnik System} Nd7 {LiveBook: 8 Games} 11. axb5 cxb5 12. b3 {Black has an edge.} Rc8 $146 (12... Bb4 $15 {keeps the upper hand.} 13. Na2 a5) ({Predecessor:} 12... Bb4 13. Na2 a5 14. bxc4 bxc4 15. Bxc4 Bxe4 16. Nxb4 Qxb4 17. Nd2 Bg6 {½-½ (33) Stocek,J (2567)-Ehlvest,J (2640) Philadelphia 2007}) 13. bxc4 $16 {Threatens to win with c5.} bxc4 {[#]} 14. Rb1 $1 {[%cal Rb1b6]} Qc7 15. d5 Ba8 (15... Bc5 {is a better defense.}) 16. dxe6 $18 fxe6 17. Nd4 Ke7 $2 {[#]} (17... h5 18. Nxe6 Qe5) 18. Bg4 f5 19. exf5 e5 20. Ndb5 Qc5 21. Bf3 Bxf3 22. Qxf3 ({Weaker is} 22. gxf3 Nf6 $16) 22... a6 23. Ne4 Qxb5 24. Rxb5 axb5 25. Rd1 Bg7 26. Qa3+ {White mates.} Kd8 27. Nd6 Bf8 28. Qa5+ Rc7 29. Nf7+ {Precision: White = 100%, Black = 19%.} 1-0

[Event "EYCC 2017"]
[Site "Mamaia"]
[Date "2017.09.07"]
[Round "3"]
[White "Fakhrutdinov, Timur"]
[Black "Galiana Fernandez, Adrian"]
[Result "1-0"]
[WhiteElo "2441"]
[BlackElo "2205"]
[Annotator "TA"]
[PlyCount "57"]
[EventDate "2017.??.??"]
[EventType "swiss"]
[EventCountry "ROU"]
[SourceTitle "playchess.com"]
[Source "ChessBase"]
[SourceQuality "1"]

{[%evp 14,57,12,4,26,18,18,16,39,27,35,0,14,16,19,12,11,1,8,-16,81,63,114,113,222,218,243,243,234,233,226,131,375,274,264,272,317,333,479,478,783,736,29962,5277,29998,29999]} 1. e4 c5 2. Nf3 Nc6 3. d4 cxd4 4. Nxd4 g6 5. Nc3 Bg7 6. Nb3 d6 7. Be2 {B34: Sicilian: Accelerated Dragon with 5 Nc3: sidelines} Be6 (7... Bxc3+ 8. bxc3 Nf6 9. f3 O-O 10. Bg5 Qc7 11. O-O Rd8 12. Qd2 Be6 13. Nd4 Nxd4 14. cxd4 Bc4 {½-½ (37) Smirin,I (2674)-Grischuk,A (2751) Novi Sad 2016}) 8. O-O {LiveBook: 4 Games} Bxc3 9. bxc3 {White has an edge.} Nf6 10. Bd3 O-O $146 ({Find the theoretical novelty and annotate with similar games:} 10... Qc7 11. Nd4 Ne5 12. f4 Nxd3 13. cxd3 Qxc3 14. Nxe6 fxe6 {½-½ (25) Caposciutti,M (2305)-Brodsky,I (2375) Cannes 1992}) 11. f4 d5 12. e5 (12. f5 $5 {[%cal Rf5e6]} dxe4 13. fxe6 Qb6+ 14. Kh1 exd3 15. Bh6 $14) 12... Qb6+ (12... Ne4 $5 {[%cal Rd8b6]}) 13. Kh1 Ne4 {aiming for ...Nf2+.} 14. Qe1 Bf5 15. Be3 $36 {[%mdl 2048] White fights for an advantage.} Qc7 16. Qh4 f6 (16... h5 $11 {remains equal.}) 17. c4 $16 {[%cal Bc3c4,Bc4d5][%mdl 32]} Nb4 {[#]} ({Better is} 17... Qd7 $14) 18. cxd5 $1 {And now g4 would win.} Nxc2 (18... Qd7 $16) 19. Rac1 $18 Ng3+ 20. Qxg3 Bxd3 21. Rfd1 fxe5 {[#]} 22. fxe5 ({Don't take} 22. Rxd3 $6 exf4 23. d6 Qc4 $16) (22. d6 $1 $18 {[%cal Rd6c7]} Qxd6 23. fxe5) 22... Be4 $2 (22... Be2 $16 {was necessary.}) 23. Nc5 Bf5 24. Bg1 Qa5 25. e6 ({But not} 25. Nxb7 $6 Qb4 $18) 25... Qxa2 (25... Rac8 $142 26. Nxb7 Qc7) 26. Qe5 Rfc8 (26... Qa3 $142 27. Nd7 (27. Nxb7 Bg4 $18) 27... Qd6 28. Qxd6 exd6 29. Nxf8 Rxf8 30. Bxa7 b5) 27. Rd2 {Rdxc2! is the strong threat.} b6 {[#]} 28. Rdxc2 $1 {[%mdl 512]} Bxc2 (28... Qxc2 29. Rxc2) 29. Bd4 {Precision: White = 89%, Black = 23%.} 1-0

[Event "EYCC 2017"]
[Site "Mamaia"]
[Date "2017.09.07"]
[Round "3"]
[White "Plenca, Jadranko"]
[Black "Lopez Mulet, Inigo"]
[Result "1/2-1/2"]
[WhiteElo "2440"]
[BlackElo "2302"]
[Annotator "TA"]
[PlyCount "84"]
[EventDate "2017.??.??"]
[EventType "swiss"]
[EventCountry "ROU"]
[SourceTitle "playchess.com"]
[Source "ChessBase"]
[SourceQuality "1"]

{[%evp 11,84,10,18,0,24,27,58,58,83,78,91,98,82,78,83,78,134,108,104,111,120,128,281,275,275,174,164,176,172,175,164,167,165,166,251,256,393,393,380,393,360,256,246,243,243,191,245,200,187,130,130,137,132,59,140,77,71,77,104,59,59,59,68,11,11,11,11,35,59,12,12,12,12,18,18]} 1. e4 e6 2. d4 d5 3. Nd2 c5 4. Ngf3 cxd4 5. Nxd4 Nf6 6. exd5 {C07: French Tarrasch: 3...c5, 4 Ngf3 and 4 exd5 Qxd5} a6 {LiveBook: 11 Games} (6... Qxd5 7. Nb5 Qd8 8. Bd3 a6 9. Nc3 Nc6 10. O-O Ne5 11. Be2 b5 12. Nf3 Qxd1 13. Rxd1 Nc6 14. Bf4 Bb7 {0-1 (53) Vachier Lagrave,M (2796)-Caruana,F (2808) Paris 2017}) 7. Be2 Qxd5 8. Nc4 $146 {White has an edge.} ({Predecessor:} 8. N2f3 Bd7 9. O-O Nc6 10. c4 Qd6 11. b3 Nxd4 12. Nxd4 Qc7 13. Bf3 Bd6 {½-½ (75) Richterova,N (1239)-Matras,O (2239) Frydek Mistek 2016}) 8... Nbd7 9. O-O Be7 10. b3 {[%cal Bb2b3,Bb3c4,Bc4c5][%mdl 32]} Qc5 11. Ba3 Qc7 12. Bxe7 Kxe7 13. Bf3 $36 {[%mdl 2048] Keeping Black busy.} Nb6 (13... Rb8 $142) 14. Qc1 {Hoping for Qa3+.} Nxc4 15. bxc4 Rd8 {[#]} 16. Qa3+ $1 Qd6 $2 (16... Ke8 $16 17. Rad1 Rb8) 17. c5 $18 Qc7 18. Nb5 axb5 19. Qxa8 Qxc5 20. Bxb7 Bd7 21. Qa5 Rb8 22. Bf3 g5 {[#]} (22... Rc8 {was necessary.} 23. Rfd1 Qxc2 24. Qb4+ Qc5) 23. a4 $1 g4 (23... Rc8 $142 24. axb5 Qxb5) (23... bxa4 24. Qxc5+) 24. Be2 Nd5 25. axb5 Nf4 26. Rfe1 {And now Bf1 would win.} Nxe2+ 27. Rxe2 Rxb5 28. Qe1 h5 (28... Bc6 $142 29. Re3 h5) 29. Rd2 Bc6 30. Qe3 (30. Rad1 $18) 30... Qxe3 $16 31. fxe3 {[%mdl 4096] Endgame KRR-KRB} f5 32. Rc1 ({White should try} 32. g3 $16) 32... Rb2 ({Better is} 32... h4 $14) 33. Kf2 (33. g3 $142) 33... h4 34. g3 h3 35. Ke2 Be4 36. c4 {[%cal Bc2c4,Bc4c5][%mdl 32]} Rb3 37. Ra2 (37. c5 $14 Bc6 38. Kf2) 37... Kd6 $11 38. c5+ Kc6 39. Ra6+ Kc7 40. Rb6 Ra3 $1 {[%cal Ra3a2] aiming for ...Ra2+.The position is equal.} 41. Rb2 Kc6 42. Kf2 Bd5 {Precision: White = 55%, Black = 61%.} 1/2-1/2

[Event "EYCC 2017"]
[Site "Mamaia"]
[Date "2017.09.07"]
[Round "3"]
[White "Gaifullin, Artur"]
[Black "Martinovici, Ilie"]
[Result "1-0"]
[WhiteElo "2413"]
[BlackElo "2197"]
[Annotator "TA"]
[PlyCount "48"]
[EventDate "2017.??.??"]
[EventType "swiss"]
[EventCountry "ROU"]
[SourceTitle "playchess.com"]
[Source "ChessBase"]
[SourceQuality "1"]

{[%evp 27,48,5,8,8,68,61,46,65,70,91,103,99,107,98,99,103,113,129,377,186,178,175,909]} 1. Nf3 Nf6 2. c4 e6 3. g3 d5 4. Bg2 Be7 5. O-O O-O 6. d4 c6 7. Qc2 Nbd7 8. Rd1 b6 9. Nbd2 Ba6 10. b3 c5 {E09: Closed Catalan: Main Line: 7 Qc2 c6 8 Nbd2} (10... Rc8 11. e4 Bb7 12. Bb2 c5 13. exd5 exd5 14. Qf5 Qc7 15. Rac1 dxc4 16. Nxc4 Be4 17. Qh3 Qb7 18. Nfe5 Bxg2 19. Qxg2 Qxg2+ 20. Kxg2 cxd4 21. Nxd7 Nxd7 22. Bxd4 {½-½ (45) Banikas,H (2630)-Georgiev,K (2664) Rhodes 2013}) 11. Bb2 cxd4 12. Nxd4 Rc8 13. Rac1 b5 14. Qb1 bxc4 {LiveBook: 4 Games} 15. bxc4 Nc5 $146 ({Black should play} 15... Qb6 $11) ({Predecessor:} 15... Nb6 16. cxd5 Nfxd5 17. Nc6 Rxc6 18. Rxc6 Bxe2 19. Re1 Bb5 20. Rcc1 {1-0 (44) Krejci,J (2486)-Jurek,J (2350) Aschach 2011}) 16. cxd5 $14 Nxd5 17. N2b3 Nxb3 18. axb3 Qb6 19. Bxd5 exd5 20. Nf5 Bf6 21. Rxd5 {Threatens to win with Rd6.} Rxc1+ 22. Qxc1 {Hoping for Rd6.} Bc8 $2 (22... Qe6 $16 {was worth a try.} 23. Bxf6 Qxf6) 23. Ba3 (23. Rd6 $142 Qb5 24. Rxf6 Bxf5 25. Qc3 $1 {[%mdl 512]} Qxe2 26. Rxf5) 23... Rd8 $18 {[#]} 24. Rxd8+ $1 Bxd8 $2 (24... Qxd8 25. Be7 Bxe7 26. Nxe7+ Qxe7) 1-0

[Event "EYCC 2017"]
[Site "Mamaia"]
[Date "2017.09.07"]
[Round "3"]
[White "Pultinevicius, Paulius"]
[Black "Tryggestad, Andreas Garberg"]
[Result "1-0"]
[WhiteElo "2381"]
[BlackElo "2302"]
[Annotator "NA"]
[PlyCount "75"]
[EventDate "2017.??.??"]
[EventType "swiss"]
[EventCountry "ROU"]
[SourceTitle "playchess.com"]
[Source "ChessBase"]
[SourceQuality "1"]
[TimeControl "40/5400+30:1800+30"]

1. Nf3 {[%emt 0:00:00]} Nf6 {[%emt 0:00:06]} 2. c4 {[%emt 0:00:00]} c6 {[%emt 0:00:22]} 3. d4 {[%emt 0:01:03]} g6 {[%emt 0:00:26]} 4. Nc3 {[%emt 0:01:40]} d5 {[%emt 0:00:06]} 5. e3 {[%emt 0:03:56]} Bg7 {[%emt 0:00:33]} 6. Be2 {[%emt 0:00:48]} O-O {[%emt 0:00:21]} 7. O-O {[%emt 0:00:41]} a6 {[%emt 0:02:09]} 8. a4 {[%emt 0:10:38]} Be6 {[%emt 0:03:32]} 9. Qb3 {[%emt 0:02:21]} Qc7 {[%emt 0:04:58]} 10. Ng5 {[%emt 0:03:28]} Bg4 {[%emt 0:14:59]} 11. f3 {[%emt 0:05:34]} Bd7 {[%emt 0:01:55]} 12. f4 {[%emt 0:08:09]} h6 {[%emt 0:02:04]} 13. Nf3 {[%emt 0:02:00]} Be6 {[%emt 0:03:59]} 14. Bd2 {[%emt 0:06:16]} Nbd7 {[%emt 0:01:24]} 15. a5 {[%emt 0:01:20]} Rfb8 {[%emt 0:11:02]} 16. Rfc1 {[%emt 0:06:10]} b5 {[%emt 0:04:02]} 17. cxd5 {[%emt 0:06:30]} cxd5 {[%emt 0:00:18]} 18. Ne5 {[%emt 0:02:47]} Qb7 {[%emt 0:01:50]} 19. Be1 {[%emt 0:06:53]} Ne4 {[%emt 0:06:36]} 20. Na2 {[%emt 0:13:21]} Rc8 {[%emt 0:03:39]} 21. Bf3 {[%emt 0:01:09]} Nxe5 {[%emt 0:18:31]} 22. fxe5 {[%emt 0:00:04]} Rxc1 {[%emt 0:01:23]} 23. Rxc1 {[%emt 0:00:18]} Rc8 {[%emt 0:00:01]} 24. Rxc8+ {[%emt 0:01:38]} Qxc8 {[%emt 0:00:03]} 25. Bb4 {[%emt 0:05:44]} Bf8 {[%emt 0:12:26]} 26. h3 {[%emt 0:03:24]} Qc6 {[%emt 0:01:13]} 27. Bc3 {[%emt 0:02:24]} Qc7 {[%emt 0:01:48]} 28. Bxe4 {[%emt 0:01:28]} dxe4 {[%emt 0:00:01]} 29. d5 {[%emt 0:00:00]} Bc8 {[%emt 0:00:02]} 30. Qb4 {[%emt 0:01:43]} Bb7 {[%emt 0:00:01]} 31. Qd4 {[%emt 0:02:41]} Qd8 {[%emt 0:01:27]} 32. Nb4 {[%emt 0:00:59]} Qxa5 {[%emt 0:02:51]} 33. e6 {[%emt 0:00:18]} f6 {[%emt 0:00:27]} 34. d6 {[%emt 0:00:29]} Qd8 {[%emt 0:01:54]} 35. d7 {[%emt 0:00:09]} a5 {[%emt 0:00:46]} 36. Nd5 {[%emt 0:00:47]} b4 {[%emt 0:00:34]} 37. Qb6 {[%emt 0:00:23]} bxc3 {[%emt 0:00:40]} 38. Qxd8 {[%emt 0:00:16]} 1-0